Autistic Spectrum Disorder - Statistics

General Stats
  • This quiz has been taken 15 times
  • The average score is 5 of 12
Answers on the Map
Answers color-coded by a green-red scale on the quiz's map according to % correct below.
 
Answer Stats
Answer % Correct
ADHD
92%
OCD
77%
Anxiety
69%
ADD
62%
Depression
54%
Tourette's
38%
Gifted
23%
ODD
23%
Auditory Processing
15%
Developmental Co-ordination Disorder
15%
Sensory Integration Disorder
15%
Specific Learning Difficulties
15%
No matching quizzes found
Score Distribution
Percent of People with Each Score
Percentile by Number Answered
Your Score History
You have not taken this quiz